The cultural intelligence difference

Bibliographic Details
Main Author: Livermore, David
Format: Book
Published: New York : AMACOM , 2011
Subjects:

MARC

LEADER 00000cam a2200000 7i4500
001 0000158366
005 20120529.0
020 |a 081441706X 
020 |a 9780814417065 
090 0 0 |a 650.13   |b LIV 
100 1 |a Livermore, David 
245 1 4 |a The cultural intelligence difference   |c David Livermore 
260 |a New York :   |b AMACOM ,   |c 2011 
300 |a 207p. ;   |c 23cm. 
650 0 0 |a Cultural intelligence 
650 0 0 |a Diversity in the workplace 
650 0 0 |a Intercultural communication 
650 0 0 |a Management   |x Cross-cultural studies 
999 |a 00259425   |b BUKU   |c PINJAMAN   |e PERPUSTAKAAN KOMUNITI PETALING JAYA